[Event "It"]
[Site "Tel Aviv ISR"]
[Date "2000.03.22"]
[Round "3"]
[White "Postny,E"]
[Black "Botvinnik,M2"]
[Result "0-1"]
[WhiteElo "2424"]
[BlackElo "2274"]

1.d4 Nf6 2.c4 e6 3.Nf3 b6 4.Nc3 Bb4 5.Bg5 Bb7 6.e3 h6 7.Bh4 g5 8.Bg3 Ne4
9.Qc2 f5 10.Bd3 Bxc3+ 11.bxc3 d6 12.d5 Nd7 13.Bxe4 fxe4 14.Qxe4 Qf6 15.O-O O-O-O
16.Qxe6 Qxe6 17.dxe6 Nc5 18.Nd4 Rde8 19.f3 Ba6 20.Nb5 Kb8 21.e4 Rxe6 22.Rab1 g4
23.Rfe1 gxf3 24.gxf3 h5 25.Re3 Rf8 26.Rd1 Rg6 27.Kf2 Rfg8 28.Re2 h4 29.Bxh4 Rg2+
30.Ke3 Rxe2+ 31.Kxe2 Rg2+ 32.Bf2 Rxh2 33.Rd2 Nd7 34.f4 Nc5 35.Kf3 Bb7 36.Kg3 Nxe4+
37.Kxh2 Nxd2 38.f5 Nxc4 39.f6 Bd5 40.Kg3 c5 41.Kf4 Bf7 42.Kg5 a6 43.Nd4 cxd4
44.Bxd4 Kc7 45.Kh6 Ne5 46.a3 b5 47.Kg7 Bc4 48.Kf8 Kd7 49.Bb6 Nf7 50.Kg7 Ke6
51.Bc7 Ke5 52.Bb6 Ke4 53.Ba5 Kd3 54.Bb4 Kc2 55.Kf8 Kb3 56.Ke7 Ka4  0-1

[Event "It"]
[Site "Tel Aviv ISR"]
[Date "2000.03.23"]
[Round "4"]
[White "Mikhalevski,A"]
[Black "Gershon,A"]
[Result "1/2-1/2"]
[WhiteElo "2479"]
[BlackElo "2471"]

1.d4 Nf6 2.c4 e6 3.Nf3 b6 4.Nc3 Bb4 5.Qc2 Bb7 6.a3 Bxc3+ 7.Qxc3 O-O 8.b3 d6
9.g3 c5 10.Bg2 cxd4 11.Qxd4 Nc6 12.Qb2 Ne5 13.O-O Nxf3+ 14.Bxf3 Bxf3 15.exf3 Qc7
16.Rd1 e5 17.Bg5 Ne8 18.Qd2 h6  1/2-1/2

[Event "16th Spring Festival"]
[Site "Budapest HUN"]
[Date "2000.03.25"]
[Round "9"]
[White "Szeberenyi,A"]
[Black "Nguyen Anh Dung"]
[Result "1/2-1/2"]
[WhiteElo "2257"]
[BlackElo "2496"]

1.d4 Nf6 2.Nf3 b6 3.c4 e6 4.Nc3 Bb7 5.a3 d5 6.cxd5 Nxd5 7.Qc2 Be7 8.e4 Nxc3
9.bxc3 O-O 10.Bd3 c5 11.O-O Nc6 12.Bb2 Rc8 13.Qe2 Re8 14.Rad1 Bf8 15.h4 Qc7
16.Rd2 Qf4 17.g3 Qg4 18.Qe3 e5 19.d5 Na5 20.Bb5 Bd6 21.Bxe8 Rxe8 22.Qe2 c4
23.Ng5 Qd7 24.Bc1 Nb3 25.Ra2 Nc5 26.a4 h6 27.Nf3 f5 28.Nd2 fxe4 29.Nxe4 Bxd5
30.Nxd6 Qxd6 31.Ba3 Bb7 32.Qxc4+ Bd5 33.Rd2  1/2-1/2

[Event "Chess@iceland rapidplay Group A"]
[Site "Kopavogur ISL"]
[Date "2000.04.01"]
[Round "3"]
[White "Korchnoi,V"]
[Black "Olafsson,F"]
[Result "0-1"]
[WhiteElo "2659"]
[BlackElo "2460"]

1.d4 Nf6 2.c4 e6 3.Nf3 b6 4.Nc3 Bb7 5.Bg5 Be7 6.e3 Ne4 7.Nxe4 Bxe4 8.Bd3 O-O
9.Bf4 Bb4+ 10.Kf1 Bxd3+ 11.Qxd3 Be7 12.h4 Nc6 13.Rc1 f5 14.a3 Bf6 15.b4 d6
16.Bg3 Qe8 17.b5 Ne7 18.Ke2 Rd8 19.Qb3 Qf7 20.h5 h6 21.a4 Bg5 22.Rcd1 f4
23.exf4 Bxf4 24.Bxf4 Qxf4 25.g4 Qf7 26.Qe3 e5 27.Rc1 exd4 28.Nxd4 Rde8 29.Kd2 Nd5
30.cxd5 Rxe3 31.fxe3 Qxd5 32.Rhg1 Rf2+ 33.Kd3  0-1

[Event "FSIMB April"]
[Site "Budapest HUN"]
[Date "2000.04.05"]
[Round "5"]
[White "Yu Mingyuan"]
[Black "Vadasz,L"]
[Result "1/2-1/2"]
[WhiteElo "2419"]
[BlackElo "2285"]

1.d4 Nf6 2.Nf3 e6 3.c4 b6 4.Nc3 Bb4 5.g3 Bb7 6.Bg2 O-O 7.O-O Bxc3 8.bxc3 d6
9.a4 Nbd7 10.a5 Be4 11.Ra2 h6 12.h3 Re8 13.Be3 bxa5 14.Rxa5 c5 15.Qa1 Qc7
16.Nd2 Bxg2 17.Kxg2 Reb8 18.Qa3 Qb7+ 19.Kg1 Qb2 20.Ra1 Qxa3 21.R1xa3 Rb2
22.Rxa7 Rxa7 23.Rxa7 Rc2 24.Ra8+ Kh7 25.Ra6 d5 26.dxc5 Nxc5 27.Bxc5 Rxd2
28.Be3 Rd1+ 29.Kg2 dxc4 30.Rc6 e5 31.Bb6 Rd2 32.Rxc4 Rxe2 33.Rc6 Nd5  1/2-1/2

[Event "FSIMA April"]
[Site "Budapest HUN"]
[Date "2000.04.08"]
[Round "8"]
[White "Eperjesi,L"]
[Black "Maki Uuro,Mi"]
[Result "1/2-1/2"]
[WhiteElo "2365"]
[BlackElo "2341"]

1.d4 Nf6 2.Nf3 e6 3.c4 b6 4.Nc3 Bb4 5.g3 Bxc3+ 6.bxc3 O-O 7.Bg2 Bb7 8.O-O d6
9.a4 Nbd7 10.a5 Be4 11.Bf4 Qe7 12.Bh3 h6 13.Nd2 Bh7 14.Bg2 Rac8 15.axb6 axb6
16.h3 e5 17.Be3 c5 18.Ra7 Qe6 19.d5 Qe8 20.Qa4 Ra8 21.Ra1 Rxa7 22.Qxa7 Qb8
23.Qxb8 Rxb8 24.f4 Kf8 25.Ra7 Ke8 26.Kf2 Kd8 27.g4 Kc8 28.g5 Ng8 29.Be4 g6
30.h4 Rb7 31.Rxb7 Kxb7 32.h5 hxg5 33.fxg5 Nf8 34.h6 f5 35.gxf6 Nxf6 36.Bg5 N8d7
37.Kg3 Kc7 38.Kh4 Ng8 39.Bf3 b5 40.cxb5 Nb6 41.c4 Kd7 42.Be4 Na4 43.Bd3 Nc3
44.Ne4 Nxe4 45.Bxe4 Nxh6 46.Bg2 Nf5+ 47.Kg4 Nd4 48.e4 Nb3 49.Be3 Na5 50.Kg5 Nxc4
51.Bc1 Ke8 52.Bf1 Nb6 53.Bd2 Bg8 54.Ba5 Nxd5 55.exd5 Bxd5 56.Kf6 Kd7 57.Bh3+ Ke8
58.Bc8 c4 59.b6 c3 60.Bxc3 Kd8  1/2-1/2

[Event "FSIMA April"]
[Site "Budapest HUN"]
[Date "2000.04.09"]
[Round "9"]
[White "Orso,M"]
[Black "Guedon,S"]
[Result "1-0"]
[WhiteElo "2341"]
[BlackElo "2332"]

1.d4 Nf6 2.Nf3 e6 3.c4 b6 4.Nc3 Bb7 5.a3 g6 6.g3 Bg7 7.Bg2 O-O 8.O-O Ne4
9.Nxe4 Bxe4 10.Bg5 Qc8 11.Qd2 d6 12.Qf4 Qb7 13.Be7 Re8 14.Ng5 Rxe7 15.Nxe4 d5
16.Nf6+ Bxf6 17.Qxf6 Re8 18.Rac1 Nd7 19.Qf4 Rac8 20.Rc2 c6 21.Rfc1 Qa6 22.cxd5 exd5
23.e3 b5 24.h4 Nb8 25.h5 Rcd8 26.h6 f5 27.g4 fxg4 28.a4 b4 29.e4 b3 30.Rc3 Qe2
31.exd5 cxd5 32.Rc7 Rf8 33.Rg7+ Kh8 34.Rcc7 Qe1+ 35.Bf1  1-0

[Event "73rd City-ch"]
[Site "St Petersburg RUS"]
[Date "2000.04.09"]
[Round "7"]
[White "Aseev,K"]
[Black "Yemelin,V"]
[Result "1/2-1/2"]
[WhiteElo "2517"]
[BlackElo "2540"]

1.d4 Nf6 2.c4 e6 3.Nf3 b6 4.Nc3 Bb4 5.Bg5 Bb7 6.e3 Bxc3+ 7.bxc3 Qe7 8.Nd2 d6
9.f3 e5 10.e4 Nc6 11.d5 Nd8 12.a4 h6 13.Bh4 Bc8 14.a5 Nb7 15.axb6 cxb6 16.Be2 O-O
17.Nf1 Nc5 18.Ne3 g6 19.Ra3 Kg7 20.O-O Qd7 21.Bf2 Nh5 22.g3 Kh7 23.Qc2 Ng7
24.Rfa1 f5 25.exf5 Nxf5 26.Nf1 h5 27.Kg2 Nh6 28.Bxc5 bxc5 29.Bd3 Qf7 30.Be4 Kg7
31.Qa2 a6 32.Rb1 Ng8 33.Qe2 Nf6 34.Nd2  1/2-1/2

[Event "FSIMA April"]
[Site "Budapest HUN"]
[Date "2000.04.12"]
[Round "12"]
[White "Murzin,L"]
[Black "Maki Uuro,Mi"]
[Result "0-1"]
[WhiteElo "2231"]
[BlackElo "2341"]

1.d4 Nf6 2.Nf3 e6 3.c4 b6 4.Nc3 Bb4 5.Qb3 c5 6.a3 Ba5 7.Bg5 h6 8.Bh4 Bb7
9.dxc5 Na6 10.cxb6 Nc5 11.Qc2 Be4 12.Qd1 Bxc3+ 13.bxc3 Qxb6 14.Nd2 Bc6 15.e3 Ke7
16.Qb1 Rab8 17.Be2 Qxb1+ 18.Rxb1 Rxb1+ 19.Nxb1 Rb8 20.O-O Rb2 21.Bf3 Ba4
22.Bg3 d6 23.Ba8 Rb8 24.Bf3 Rb2 25.Ba8 Bc2 26.Nd2 Bd3 27.Nf3 Bxf1 28.Kxf1 e5
29.Nh4 g6 30.Bc6 Rb6  0-1

[Event "12th Open"]
[Site "Lenk SUI"]
[Date "2000.04.21"]
[Round "3"]
[White "Ginsburg,M"]
[Black "Sokolov,An"]
[Result "0-1"]
[WhiteElo "2402"]
[BlackElo "2565"]

1.c4 e6 2.Nf3 Nf6 3.d4 b6 4.Nc3 Bb7 5.Bg5 h6 6.Bh4 g5 7.Bg3 Nh5 8.Be5 f6
9.Qd3 fxe5 10.Qg6+ Ke7 11.Qxh5 exd4 12.Nxd4 Bg7 13.O-O-O Qf8 14.Qg6 Bxd4
15.Rxd4 Nc6 16.Re4 Re8 17.f3 Kd8 18.Qh5 Qc5 19.h4 Ne5 20.hxg5 Bxe4  0-1

[Event "XVIII Open"]
[Site "Metz FRA"]
[Date "2000.04.22"]
[Round "8"]
[White "Barsov,A"]
[Black "Arkell,K"]
[Result "1/2-1/2"]
[WhiteElo "2521"]
[BlackElo "2436"]

1.d4 e6 2.Nf3 Nf6 3.c4 b6 4.Nc3 Bb4 5.Qb3 a5 6.g3 Bb7 7.Bg2 d6 8.O-O Bxc3
9.Qxc3 Nbd7 10.b3 O-O 11.Bb2 Qe7 12.Rfd1 Ne4 13.Qe3 f5 14.Nd2 Ndf6 15.Nxe4 Bxe4
16.Bh3 Rae8 17.f3 Bb7 18.a3 Qd7 19.Qd3 Qf7 20.Bg2 Nd7 21.b4 Ra8 22.Bc3 axb4
23.axb4 e5 24.d5 Qh5 25.f4 e4 26.Qe3 Qg6 27.Rxa8 Rxa8 28.Ra1 Rxa1+ 29.Bxa1 Ba6
30.Qc3 Nf6 31.b5 Bc8 32.Qa3 Qe8 33.Bxf6  1/2-1/2

[Event "XVIII Open"]
[Site "Metz FRA"]
[Date "2000.04.23"]
[Round "9"]
[White "Timoscenko,G"]
[Black "Giffard,N"]
[Result "0-1"]
[WhiteElo "2519"]
[BlackElo "2364"]

1.d4 Nf6 2.c4 e6 3.Nf3 b6 4.Nc3 Bb7 5.a3 d5 6.Qc2 Be7 7.cxd5 exd5 8.Bf4 c6
9.e3 Nbd7 10.h3 Nf8 11.Bd3 Ne6 12.Be5 h6 13.Bf5 Ng5 14.O-O-O Bc8 15.Bd3 a5
16.Nxg5 hxg5 17.f4 gxf4 18.exf4 b5 19.Rhe1 Kf8 20.Re3 Ng8 21.Rde1 b4 22.Bc7 Qd7
23.Bb6 bxc3 24.Rxe7 Nxe7 25.Bc5 cxb2+ 26.Kb1 Rh6 27.Rxe7 Qxe7 28.Bxe7+ Kxe7
29.Qc5+ Ke8 30.Qb6 a4 31.Kxb2 Bd7 32.Qb7 Rc8 33.Kc3 Rh4 34.f5 Rf4 35.Qb6 Rf2
36.Qb1 Rxg2 37.Qe1+ Kf8 38.Qe5 f6 39.Qd6+ Ke8 40.Ba6 Rd8 41.Bb7 Rc2+  0-1

[Event "Japfa Classic"]
[Site "Bali INA"]
[Date "2000.04.28"]
[Round "6"]
[White "Adianto,U"]
[Black "Zaw Win Lay"]
[Result "1-0"]
[WhiteElo "2584"]
[BlackElo "2633"]

1.d4 Nf6 2.c4 e6 3.Nf3 b6 4.Nc3 Bb7 5.Bg5 Be7 6.Qc2 d5 7.e3 Nbd7 8.cxd5 exd5
9.Bd3 O-O 10.O-O h6 11.Bxf6 Nxf6 12.Rad1 c5 13.Bf5 Qb8 14.Ne5 a6 15.f4 Qc7
16.g4 cxd4 17.exd4 Ne4 18.Qg2 Nxc3 19.bxc3 Bd6 20.g5  1-0

[Event "Ivan Cvitanovic Mem"]
[Site "Split CRO"]
[Date "2000.05.04"]
[Round "6"]
[White "Muse,M"]
[Black "Nikolac,J"]
[Result "1-0"]
[WhiteElo "2478"]
[BlackElo "2449"]

1.d4 Nf6 2.c4 e6 3.Nf3 b6 4.Nc3 Bb7 5.a3 d5 6.cxd5 exd5 7.g3 Be7 8.Bg2 O-O
9.O-O Nbd7 10.Bf4 Nh5 11.Bd2 c6 12.Ne5 Nxe5 13.dxe5 g6 14.Bh6 Ng7 15.e4 d4
16.Ne2 Ba6 17.Re1 d3 18.Nc3 Bc4 19.Rc1 Qd7 20.Qd2 Rfd8 21.Nd1 Bb5 22.Ne3 Ne6
23.Nf5 gxf5 24.exf5 Nf8 25.f6 Bc5 26.Rxc5 bxc5 27.Bxf8 Kxf8 28.Qh6+ Ke8 29.Qxh7 Qe6
30.Bh3 Qxh3 31.Qxh3 d2 32.Rd1  1-0

[Event "New York Open"]
[Site "New York USA"]
[Date "2000.05.05"]
[Round "2"]
[White "Sales,J"]
[Black "Lalic,B"]
[Result "0-1"]
[WhiteElo "2334"]
[BlackElo "2548"]

1.d4 Nf6 2.c4 e6 3.Nf3 b6 4.Nc3 Bb4 5.Bd2 O-O 6.a3 Bxc3 7.Bxc3 Bb7 8.Qc2 d6
9.e3 Ne4 10.O-O-O Nd7 11.Be1 Qe7 12.Nd2 f5 13.f3 Nxd2 14.Bxd2 c5 15.Kb1 Rac8
16.Bc3 cxd4 17.exd4 b5 18.Qb3 Bc6 19.d5 bxc4 20.Bxc4 Ba4 21.Qxa4 Nb6 22.Qa6 Rxc4
23.dxe6 Rxc3 24.bxc3 Qxe6 25.Qb5 h6 26.Rhe1 Qg6 27.Qe2 Kh7 28.g3 d5 29.Ka1 Qc6
30.Qc2 Nc4 31.Qb3 Rf7 32.Re2 Rb7 33.Qa2 Qa4 34.Rxd5 Rb3  0-1

[Event "VI Leonardo Di Bona"]
[Site "Cutro ITA"]
[Date "2000.05.07"]
[Round "11"]
[White "Timoscenko,G"]
[Black "Aleksic,N1"]
[Result "1-0"]
[WhiteElo "2519"]
[BlackElo "2405"]

1.d4 Nf6 2.c4 e6 3.Nf3 b6 4.Nc3 Bb4 5.Qb3 a5 6.g3 Bb7 7.Bg2 O-O 8.O-O Bxc3
9.Qxc3 d6 10.b3 Nbd7 11.Bb2 Qe7 12.Rfd1 Rac8 13.Bh3 Ne4 14.Qe3 f5 15.d5 Ndc5
16.Nd4 g6 17.Nxe6 Nxe6 18.dxe6 Rce8 19.Bg2 Qxe6 20.a3 Rf7 21.Rac1 h5 22.b4 axb4
23.axb4 Kh7 24.Rc2 Kg8 25.Ra1 c5 26.b5 Kh7 27.Ra7 Kg8 28.h4 Kh7 29.Kh2 Kg8
30.Qf4 Rd7 31.f3 Nf6 32.e4 fxe4 33.Bh3  1-0

[Event "Kastav"]
[Site "Opatija CRO"]
[Date "2000.05.10"]
[Round "6"]
[White "Medancic,R"]
[Black "Lakos,N"]
[Result "0-1"]
[WhiteElo "2304"]
[BlackElo "2316"]

1.d4 Nf6 2.c4 e6 3.Nf3 b6 4.Nc3 Bb4 5.Bg5 Bb7 6.Nd2 h6 7.Bh4 Bxc3 8.bxc3 d6
9.f3 Nbd7 10.e4 e5 11.Be2 Qe7 12.Qa4 O-O 13.Qc2 Rfe8 14.d5 a5 15.Bf2 a4 16.Nf1 Bc8
17.Ne3 Nc5 18.g4 g6 19.O-O-O Nh7 20.Qd2 Kg7 21.Rdg1 a3 22.h4 f6 23.Kb1 Bd7
24.Ka1 Ra4 25.Nc2 Rh8 26.Be3 Nf8 27.Nb4  0-1

[Event "FSIM May"]
[Site "Budapest HUN"]
[Date "2000.05.11"]
[Round "6"]
[White "Eperjesi,L"]
[Black "Pilgaard,K"]
[Result "1/2-1/2"]
[WhiteElo "2365"]
[BlackElo "2377"]

1.d4 Nf6 2.Nf3 e6 3.c4 b6 4.Nc3 Bb7 5.g3 Be7 6.Bg2 O-O 7.O-O Ne4 8.Nxe4 Bxe4
9.Ne1 Bxg2 10.Nxg2 d5 11.Qa4 dxc4 12.Qxc4 c5 13.Be3 cxd4 14.Bxd4 Qc8 15.Rac1 Qxc4
16.Rxc4 Na6 17.Rfc1 Rfd8 18.Be3 Kf8 19.Ne1 Nb4 20.a3 Nd5 21.Bd4 Nf6 22.a4 Ne8
23.Nd3 Nd6 24.Rc7 Ne8 25.R7c4 Nd6 26.Rc7 Ne8 27.R7c4 Nd6  1/2-1/2

[Event "Guillermo Garcia Premier II"]
[Site "Santa Clara CUB"]
[Date "2000.05.25"]
[Round "2"]
[White "Soppe,G"]
[Black "Perdomo,C"]
[Result "1/2-1/2"]
[WhiteElo "2466"]
[BlackElo "2411"]

1.d4 Nf6 2.Nf3 e6 3.c4 b6 4.Nc3 Bb7 5.a3 d5 6.cxd5 Nxd5 7.Nxd5 Qxd5 8.g3 Bd6
9.Bg2 Qh5 10.O-O O-O 11.Bf4 Bxf4 12.gxf4 Nd7 13.e3 Qh6 14.Rc1 c5 15.b4  1/2-1/2

[Event "ch-IND"]
[Site "Mumbai IND"]
[Date "2000.05.28"]
[Round "12"]
[White "Ravi,L"]
[Black "Sandipan,C"]
[Result "0-1"]
[WhiteElo "2391"]
[BlackElo "2424"]

1.d4 Nf6 2.c4 e6 3.Nf3 b6 4.Nc3 Bb4 5.Qb3 Qe7 6.Bg5 Bb7 7.e3 h6 8.Bh4 Bxc3+
9.bxc3 d6 10.Nd2 g5 11.Bg3 Nbd7 12.f3 e5 13.e4 c5 14.Bf2 Rg8 15.h4 g4 16.dxc5 dxc5
17.Be3 Nh5 18.O-O-O Ng3 19.Rh2 Qf6 20.Qa4 Bc6 21.Qa3 Nf8 22.Bd3 Rd8 23.Bc2 Rd7
24.Re1 Ne6 25.Qa6 Ke7 26.Nb3 Ba8 27.Kb2 gxf3 28.gxf3 Qxf3 29.Rd2 Rc7 30.Rd5 Bb7
31.Qa4 Bxd5 32.cxd5 Nd8 33.Nd2 Qf6 34.Ka1 Nb7 35.Qxa7 Rgc8 36.Rb1 Nd6 37.Qxb6 Ne2
38.Qa5 Qxh4 39.Bd3 Qh3 40.Nf1 Ng3 41.Bg1 Nxf1 42.Bxf1 Qg3 43.Ba6 Ra7 44.Bxc5 Rxa6
45.Qb4 Rc7 46.a3 Qd3 47.Rc1 Kd7 48.Bxd6 Rxd6 49.c4 Qd4+ 50.Ka2 Rb6  0-1

[Event "Dutch Team Championships"]
[Site "Breda NED"]
[Date "2000.06.01"]
[Round "1"]
[White "Ree,H"]
[Black "Douven,R"]
[Result "1/2-1/2"]
[WhiteElo "2417"]
[BlackElo "2389"]

1.d4 Nf6 2.c4 e6 3.Nf3 b6 4.Nc3 Bb4 5.Qb3 c5 6.a3 Ba5 7.Bg5 Bb7 8.dxc5 Na6
9.cxb6 Nc5 10.Qd1 Bxc3+ 11.bxc3 axb6 12.g3 Nce4 13.Be3 Ng4 14.Qd4 Nxe3 15.Qxe3 Qf6
16.Bg2 Qxc3+ 17.Qxc3 Nxc3 18.Nh4 Bxg2 19.Nxg2 Ke7 20.f3 Ra4 21.Ne3 Ra6 22.Kd2 Na4
23.Rhb1 Rha8 24.Rb4 Nc5 25.Nc2 f5  1/2-1/2

[Event "Bank Pocztowy Open"]
[Site "Bydgoszcz POL"]
[Date "2000.06.03"]
[Round "6"]
[White "Lerner,K"]
[Black "Brodsky,M"]
[Result "1/2-1/2"]
[WhiteElo "2575"]
[BlackElo "2514"]

1.d4 Nf6 2.c4 e6 3.Nf3 b6 4.Nc3 Bb4 5.Qb3 c5 6.Bg5 h6 7.Bh4 Bb7 8.O-O-O cxd4
9.Qxb4 Nc6 10.Bxf6 gxf6 11.Qa3 dxc3 12.Qxc3 Qe7 13.Kb1 O-O-O 14.e4 Rhg8 15.g3 Ne5
16.Re1  1/2-1/2

[Event "Bank Pocztowy Open"]
[Site "Bydgoszcz POL"]
[Date "2000.06.04"]
[Round "7"]
[White "Rustemov,A"]
[Black "Poluljahov,A"]
[Result "1-0"]
[WhiteElo "2553"]
[BlackElo "2526"]

1.d4 Nf6 2.c4 e6 3.Nf3 b6 4.Nc3 Bb4 5.Bg5 Bb7 6.Nd2 h6 7.Bh4 O-O 8.e3 d6
9.Bd3 c5 10.O-O cxd4 11.exd4 Bxc3 12.bxc3 Nbd7 13.a4 d5 14.cxd5 exd5 15.Qf3 Re8
16.Rfe1 Rxe1+ 17.Rxe1 Qf8 18.Nf1 Re8 19.Ra1 Ne4 20.Ne3 Ndf6 21.Nf5 Re6 22.h3 g6
23.Ne3 Kg7 24.a5 Qc8 25.a6 Bc6 26.Ra3 Qf8 27.Nc2 Qe8 28.Kh2 Bb5 29.Nb4 Bxd3
30.Qxd3 Qd8 31.Kg1 g5 32.Bg3 Nxg3 33.Qxg3 Re1+ 34.Kh2 Qe7 35.Ra2 Rc1 36.Qe5 Qd7
37.Rc2 Ra1 38.Re2 Kg6 39.Re3 g4 40.Nd3 Ne4 41.Nf4+ Kh7 42.Nxd5 g3+ 43.fxg3  1-0

[Event "FSIMA June"]
[Site "Budapest HUN"]
[Date "2000.06.11"]
[Round "9"]
[White "Farago,S"]
[Black "Dobos,J"]
[Result "1/2-1/2"]
[WhiteElo "2271"]
[BlackElo "2336"]

1.d4 Nf6 2.c4 e6 3.Nf3 b6 4.Nc3 Bb7 5.a3 d5 6.cxd5 Nxd5 7.e3 Be7 8.Bb5+ c6
9.Bd3 O-O 10.O-O c5 11.e4 Nxc3 12.bxc3 cxd4 13.cxd4 Nc6  1/2-1/2

[Event "FSIMA June"]
[Site "Budapest HUN"]
[Date "2000.06.12"]
[Round "10"]
[White "Szeberenyi,A"]
[Black "Valenti,G"]
[Result "1/2-1/2"]
[WhiteElo "2257"]
[BlackElo "2202"]

1.d4 Nf6 2.Nf3 e6 3.c4 b6 4.Nc3 Bb4 5.Qb3 Qe7 6.Bg5 h6 7.Bh4 Bb7 8.e3 Bxc3+
9.Qxc3 g5 10.Bg3 Ne4 11.Qc2 d6 12.Bd3 Nxg3 13.fxg3 Nd7 14.O-O-O O-O-O 15.Kb1 Kb8
16.e4 c5 17.d5 g4 18.Ng1 Ne5 19.Ne2 Rde8 20.Nf4 h5 21.a4 a5 22.Be2 Kc7 23.Rd2 Rd8
24.Nd3 Nxd3 25.Bxd3 e5 26.Rf2 f6  1/2-1/2

[Event "White Nights Men"]
[Site "St Petersburg RUS"]
[Date "2000.06.28"]
[Round "5"]
[White "Mirzoev,A"]
[Black "Polovodin,I"]
[Result "1/2-1/2"]
[WhiteElo "2438"]
[BlackElo "2434"]

1.d4 Nf6 2.Nf3 e6 3.c4 b6 4.Nc3 Bb7 5.Qc2 c5 6.dxc5 Bxc5 7.Bg5 h6 8.Bh4 O-O
9.e3 a6 10.Be2 Be7 11.O-O d6 12.Rfd1 Nbd7 13.Rac1 Qc7 14.b3 Rfd8 15.Qb2 Rac8
16.Nd4 Nf8 17.f3 Qb8 18.Bf2 d5 19.cxd5 Nxd5 20.Nxd5  1/2-1/2

[Event "29th ch-GRE Team"]
[Site "Athens GRE"]
[Date "2000.07.09"]
[Round "4"]
[White "Bras,E"]
[Black "Kalesis,N"]
[Result "0-1"]
[WhiteElo "2143"]
[BlackElo "2434"]

1.d4 Nf6 2.Nf3 e6 3.c4 b6 4.Nc3 Bb4 5.Bd2 Bb7 6.Ne4 Bxd2+ 7.Nexd2 c5 8.e3 cxd4
9.Nxd4 O-O 10.N2f3 d5 11.cxd5 Qxd5 12.Nb5 a6 13.Qxd5 Nxd5 14.Nd6 Bc6 15.Ne5 f6
16.Nxc6 Nxc6 17.Rc1 Ne5 18.Be2 Nb4 19.O-O Nxa2 20.Rc7 Nb4 21.Rfc1 Rad8 22.Nc8 b5
23.Ne7+ Kh8 24.f4 Ned3 25.Bxd3 Rxd3 26.f5 exf5 27.Nxf5 Rfd8 28.h3 g6 29.Nh6 Rd1+
30.Rxd1 Rxd1+ 31.Kh2 Nd5 32.Ra7 Nxe3 33.Nf7+ Kg7 34.Ng5+ Kh6 35.Nf7+ Kh5
36.Rxa6 Rd2 37.Rxf6 Rxg2+ 38.Kh1 Rxb2 39.Ne5 Nf5 40.Rf7 Kh4 41.Rxh7+  0-1

[Event "It"]
[Site "Techirghiol ROM"]
[Date "2000.07.11"]
[Round "9"]
[White "Raceanu,V"]
[Black "Parligras,M"]
[Result "1/2-1/2"]
[WhiteElo "2277"]
[BlackElo "2441"]

1.d4 Nf6 2.c4 e6 3.Nf3 b6 4.Nc3 Bb7 5.Bg5 h6 6.Bh4 Bb4 7.Qb3 Bxc3+ 8.Qxc3 g5
9.Bg3 Ne4 10.Qc2 d6 11.e3 Nd7 12.Bd3 Ndf6 13.O-O-O Qe7 14.d5 Nc5 15.e4 e5
16.Nd2 Kf8 17.Be2 a5 18.h4 Kg7 19.f3 Bc8 20.hxg5 hxg5 21.Rxh8 Kxh8 22.Rh1+ Kg7
23.Bf2 Bd7 24.Be3 Nh7 25.Rh5 f6 26.Qd1 Rh8 27.Qh1 Qe8 28.g4 Qg8 29.Nf1 Nf8
30.Ng3 Ng6 31.Rxh8 Qxh8 32.Qxh8+ Nxh8 33.b3 Ng6 34.Nh5+ Kf7 35.Kb2  1/2-1/2

[Event "It"]
[Site "Techirghiol ROM"]
[Date "2000.07.13"]
[Round "11"]
[White "Manolache,M"]
[Black "Florescu,C"]
[Result "1/2-1/2"]
[WhiteElo "2399"]
[BlackElo "2362"]

1.d4 Nf6 2.c4 e6 3.Nf3 b6 4.Nc3 Bb4 5.e3 Bb7 6.Bd3 Ne4 7.O-O Bxc3 8.bxc3 O-O
9.Ne1 f5 10.f3 Ng5 11.Qe2 c5 12.Nc2 Nc6 13.e4 fxe4 14.fxe4 Rxf1+ 15.Qxf1 e5
16.d5 Na5 17.Ne3 Nf7 18.Nf5 Qf6 19.Bd2 Ba6 20.Qe2 g6 21.Ne3 Nd6 22.Rf1 Qe7
23.Be1 Rf8 24.Rxf8+ Qxf8 25.Bg3 Qe7 26.h4 Kg7 27.Qg4 Bxc4 28.Bxe5+ Qxe5 29.Qxd7+ Nf7  1/2-1/2

[Event "10th Open"]
[Site "Jyvaskyla FIN"]
[Date "2000.07.19"]
[Round "2"]
[White "Solozhenkin,E"]
[Black "Smirnov,Ar"]
[Result "1-0"]
[WhiteElo "2504"]
[BlackElo "2225"]

1.d4 Nf6 2.c4 e6 3.Nf3 b6 4.Nc3 Bb4 5.Bg5 Bb7 6.e3 h6 7.Bh4 g5 8.Bg3 Ne4
9.Qc2 Bxc3+ 10.bxc3 Nxg3 11.hxg3 d6 12.g4 Nd7 13.Bd3 Qe7 14.Be4 O-O-O 15.Bxb7+ Kxb7
16.Qe2 e5 17.Nd2 e4 18.Nf1 Nf6 19.Ng3 Qe6 20.f3 Rde8 21.Kf2 exf3 22.gxf3 h5
23.Nxh5 Nxh5 24.gxh5 f5 25.Rag1 Reg8 26.Qd3 g4 27.e4 fxe4 28.Qxe4+ Qxe4 29.fxe4 Rg5
30.Kg3 Rgxh5 31.Rxh5 Rxh5 32.Kxg4 Rh2 33.a3 Rf2 34.e5 dxe5 35.dxe5 Kc6 36.Rd1 Kc5
37.Rd4 Re2 38.Kf5 Re3 39.e6 Rxc3 40.Re4 Rf3+ 41.Kg4 Rf8 42.e7 Re8 43.Kf5 b5
44.cxb5 Kxb5 45.Ke6 c5 46.Kd7 Rh8 47.a4+ Kb6 48.e8=Q Rxe8 49.Rxe8 c4 50.Rc8  1-0

[Event "ch-Paris"]
[Site "Paris FRA"]
[Date "2000.07.19"]
[Round "5"]
[White "Mikhalevski,A"]
[Black "Palac,M"]
[Result "1/2-1/2"]
[WhiteElo "2464"]
[BlackElo "2573"]

1.d4 Nf6 2.c4 e6 3.Nf3 b6 4.Nc3 Bb4 5.Qc2 Bb7 6.a3 Bxc3+ 7.Qxc3 O-O 8.b3 d5
9.e3 Nbd7 10.Be2 c5 11.O-O Rc8 12.a4 Qc7 13.Bb2 Rfd8 14.Rfc1 Qb8 15.dxc5 Rxc5
16.b4 Rcc8 17.Qd4 dxc4 18.Rxc4 Rxc4 19.Qxc4 Rc8 20.Qd4 Be4 21.Ne1 a5 22.Bb5 Bc6
23.Nd3 Bxb5 24.axb5 Rc2 25.bxa5 bxa5 26.Rxa5 Rd2 27.g3 Rd1+ 28.Kg2 Qb7+ 29.e4 e5
30.Nc5 exd4 31.Nxb7 h5 32.Ra8+ Kh7 33.Ra4 d3 34.Bxf6 Nxf6 35.Rd4 Ng4 36.h3 Ne5
37.Nc5 Rb1 38.Nxd3 Rxb5 39.Nxe5 Rxe5 40.Kf3 g6 41.Rd7 Kg7 42.Kf4 Ra5 43.e5 Kf8
44.Rb7 Ke8 45.Rb8+ Ke7 46.g4 hxg4 47.hxg4 Ra2 48.f3 Ra3 49.Rc8 g5+ 50.Ke4 Ra4+
51.Kd5 Rf4 52.Rc7+ Kf8 53.Rc3 Kg7 54.Kd6 Rd4+ 55.Ke7 Rd5 56.Re3 Ra5 57.Kd6 Ra4
58.Re4 Ra3 59.f4 gxf4 60.Rxf4 Ra6+ 61.Kd5 Rg6 62.Kd4 Ra6 63.g5 Ra1 64.Ke4 Re1+
65.Kf5 Rg1 66.Rf2 Rh1 67.Ke4  1/2-1/2

[Event "10th Open"]
[Site "Jyvaskyla FIN"]
[Date "2000.07.22"]
[Round "7"]
[White "Yrjola,J"]
[Black "Hentunen,A"]
[Result "1/2-1/2"]
[WhiteElo "2442"]
[BlackElo "2317"]

1.d4 Nf6 2.c4 e6 3.Nf3 b6 4.Nc3 Bb4 5.Qb3 Qe7 6.Bg5 Bb7 7.e3 h6 8.Bh4 Nc6
9.Bd3 Bxc3+ 10.Qxc3 Qb4 11.Kd2 Qxc3+ 12.Kxc3 Ne7 13.Nd2 d6 14.f3 Nd7 15.b4 Rc8
16.a4 f6 17.a5 Kf7 18.Nb3 Rb8 19.Bg3 Rhc8 20.Rhb1 e5 21.Kd2 c5 22.Nc1 cxb4
23.axb6 Nxb6 24.Rxb4 Ra8 25.Nb3 Rc7 26.c5 dxc5 27.Nxc5 Nc6 28.Rbb1 Rd8 29.Be4 Ba8
30.Ke2 Nd5 31.Rc1 Re7 32.dxe5 Nxe5 33.Ra5 Rc8 34.Bxe5 fxe5 35.Bxd5+ Bxd5
36.Rca1 Rcc7  1/2-1/2

[Event "KB Czech Open"]
[Site "Pardubice CZE"]
[Date "2000.07.26"]
[Round "6"]
[White "Orsag,Mil"]
[Black "Pushkov,N"]
[Result "1/2-1/2"]
[WhiteElo "2387"]
[BlackElo "2546"]

1.d4 Nf6 2.c4 e6 3.Nf3 b6 4.Nc3 Bb7 5.Bg5 Be7 6.e3 O-O 7.Be2 c5 8.O-O Ne4
9.Nxe4 Bxe4 10.Bxe7 Qxe7 11.Nd2 Bg6 12.Bf3 Nc6 13.dxc5 Qxc5 14.Qa4 Rac8 15.Nb3 Qe7
16.Bxc6 dxc6 17.c5 Rfd8 18.Rfd1 Rd5 19.Rxd5 exd5 20.Rc1 Qb7 21.Rc3 Bf5 22.h3 Bd7
23.Nd4 g6 24.b4 Kg7 25.Qc2 h6 26.b5 bxc5 27.bxc6 Bxc6 28.Rxc5 Bd7 29.Rxc8 Qxc8
30.Qb2 Kg8 31.Qa3 a6 32.Qa5 Be6 33.Qb6 Kg7 34.a4 Kf6 35.Nc6 Kg7 36.a5 Kh7
37.Kh2 Bd7 38.Nd4 Be6 39.Qd6 Kg7 40.Nc6 Kh7 41.h4 Qb7 42.Nd4 Bc8 43.Nc6 Qb2
44.Qf4 Kg7 45.Kg3 Qf6 46.Nb4 g5 47.hxg5 hxg5 48.Qd4 Bb7 49.Nd3 Qxd4 50.exd4 Kf6
51.Kf3 Bc8 52.Nb4 Kf5 53.g4+ Ke6 54.Kg3  1/2-1/2

[Event "Scandic Hotels GM"]
[Site "Stockholm SWE"]
[Date "2000.07.29"]
[Round "1"]
[White "Tella,J"]
[Black "Akesson,R"]
[Result "1-0"]
[WhiteElo "2428"]
[BlackElo "2486"]

1.d4 Nf6 2.Nf3 e6 3.c4 b6 4.Nc3 Bb7 5.Bg5 Be7 6.Qc2 h6 7.Bh4 c5 8.dxc5 bxc5
9.e3 O-O 10.Be2 Nc6 11.O-O Ne8 12.Bg3 d6 13.Rad1 f5 14.Rd2 g5 15.Rfd1 a6
16.h3 Ra7 17.Bh2 Qb8 18.e4 g4 19.hxg4 fxg4 20.e5 gxf3 21.Qg6+ Ng7 22.Bd3 Rf5
23.Bxf5 exf5 24.exd6 Bg5 25.d7 Qd8 26.Bc7 Qxc7 27.d8=Q+ Nxd8 28.Rd7 Qxd7
29.Rxd7 Ne6 30.Qf7+ Kh7 31.Qxe6  1-0

[Event "MTO Open"]
[Site "Biel SUI"]
[Date "2000.08.03"]
[Round "10"]
[White "Kempinski,R"]
[Black "Gershon,A"]
[Result "1-0"]
[WhiteElo "2498"]
[BlackElo "2502"]

1.d4 Nf6 2.c4 e6 3.Nf3 b6 4.Nc3 Bb7 5.Bg5 Bb4 6.Qc2 O-O 7.e3 d6 8.Bd3 h6
9.Bh4 c5 10.dxc5 bxc5 11.Rd1 Qa5 12.Bxf6 gxf6 13.O-O Bxc3 14.bxc3 Bxf3 15.gxf3 Nd7
16.f4 f5 17.Kh1 Rfe8 18.e4 fxe4 19.Bxe4 Rad8 20.f5 Nf6 21.Rg1+ Kf8 22.Bc6 e5
23.Qd2 Qc7 24.Qxh6+ Ke7 25.Bxe8 Qb7+ 26.Rg2 Rxe8 27.Kg1 Qe4 28.Qd2 Rd8 29.f4 Rd7
30.Re1 Qf3 31.Qf2 Qxf2+ 32.Rxf2 e4 33.Rb2 Kf8 34.Kf2 d5 35.cxd5 Nxd5 36.Rd2 c4
37.Rxe4 Nxc3 38.Rxd7 Nxe4+ 39.Ke3 Nf6 40.Rxa7 c3  1-0

[Event "FSGM August"]
[Site "Budapest HUN"]
[Date "2000.08.07"]
[Round "3"]
[White "Lukacs,P"]
[Black "Medvegy,Z"]
[Result "1/2-1/2"]
[WhiteElo "2488"]
[BlackElo "2428"]

1.d4 Nf6 2.c4 e6 3.Nf3 b6 4.Nc3 Bb7 5.a3 d5 6.cxd5 Nxd5 7.e3 Be7 8.Bb5+ c6
9.Bd3 Nxc3 10.bxc3 O-O 11.O-O c5 12.Qe2 Nc6 13.Bb2 Bf6 14.Rad1 cxd4 15.cxd4 Rc8
16.Rfe1 Na5 17.e4 Qc7 18.d5 Bxb2 19.Qxb2 Qc3 20.Qe2 Qxa3 21.Bb1 Rfd8 22.Nd4 e5
23.Nb5 Qe7 24.Nxa7  1/2-1/2